000 00284nam a22001337a 4500
008 170505b xxu||||| |||| 00| 0 eng d
020 _a0195110668
041 _aeng
080 _a343.9
100 _a14
101 _aSHJ
245 _aCRIME PUNISHMENT
_cTONRY.M
942 _2udc
_cBK
999 _c12838
_d12838